Municipalities of Nagasaki Prefecture - Statistics

General Stats
  • This quiz has been taken 380 times
  • The average score is 16 of 21
Answers on the Map
Answers color-coded by a green-red scale on the quiz's map according to % correct below.
 
Answer Stats
Answer % Correct
Nagasaki 長崎
99%
Sasebo 佐世保
93%
Tsushima 対馬
88%
Isahaya 諫早
84%
Goto 五島
83%
Omura 大村
82%
Hirado 平戸
80%
Iki 壱岐
80%
Shimabara 島原
80%
Unzen 雲仙
78%
Matsuura 松浦
75%
Minamishimabara 南島原
74%
Saikai 西海
73%
Shin-Kamigoto 新上五島
66%
Higashisonogi 東彼杵
64%
Nagayo 長与
64%
Saza 佐々
64%
Togitsu 時津
63%
Kawatana 川棚
57%
Ojika 小値賀
57%
Hasami 波佐見
55%
No matching quizzes found
Score Distribution
Percent of People with Each Score
Percentile by Number Answered
Your Score History
You have not taken this quiz